English vocabulary 1 - Statistiques

Statistiques générales
  • Ce quiz a été pris 43 fois
  • Le résultat moyen est 5 sur 113
Statistiques - réponses
Word Translation % Correct
wise sage/judicieux
89%
chimney cheminée
29%
stunt cascade
26%
nor ni
24%
roundabout rond-point
21%
odd bizarre
18%
maple érable
18%
although bien que
16%
puppet marionnette
16%
filthy sale
16%
tantrum crise
13%
earmuffs cache-oreilles
11%
ought devoir
11%
weigh peser
11%
tidy propre
11%
neat propre/soigné
11%
tailcoats queue-de-pie
11%
crooked tordu
11%
stroke AVC
8%
ebony ébène
8%
squashy mou
8%
handkerchief mouchoir
8%
beetle scarabée
8%
hut cabane
5%
matter of fact en fait
5%
outburst explosion
5%
quill plume
5%
roaring rugissement
5%
leap bond/saut
3%
firm cabinet
3%
rags chiffons
3%
beefy costaud
3%
jam embouteillage
3%
tin étain
3%
astounding étonnant/stupéfiant
3%
phial fiole
3%
quiver frémir
3%
slithering glissant
3%
beady globuleux/perçant
3%
squeaky grinçant
3%
squeak grincer
3%
lumpy grumeleux
3%
brass laiton/cuivre
3%
musty moisi
3%
stiffly raide
3%
sneer rictus
3%
scratchy rugueux
3%
sellotape scotch
3%
rejoice se réjouir
3%
sherbet sorbet
3%
tabby tigré
3%
flocks troupeaux/bandes/groupes
3%
mahogany acajou
0%
astride à cheval sur
0%
sagged affaissé
0%
turned up apparu
0%
flinging balancer
0%
swarthy basané/brun
0%
budge bouger
0%
hinges charnières
0%
crackpot cinglé
0%
croak coassement
0%
foghorn corne de brume
0%
knickerbockers culottes bouffantes
0%
greed cupidité
0%
waddling dandinement
0%
rubbish déchet/ordure
0%
unsticking décollement
0%
steeply de façon abrupte
0%
skidding dérapage
0%
shrunk diminué
0%
gawping ébahi
0%
chipped ébréché
0%
pringy élastique
0%
crammed entassé
0%
pinpricks épingles
0%
shrivelled flétri
0%
whippy flexible
0%
smelting fusion
0%
swarming grouillement
0%
beechwood hêtre
0%
yew juif
0%
scruff la nuque
0%
strode marcher à grands pas
0%
dratted maudit/fichu
0%
shabby minable/miteux/misérable
0%
knobbling nouage
0%
shrill perçant
0%
bowildered perplexe
0%
peck picorer
0%
boaters plaisanteries
0%
shaggy poilu
0%
bobbles pompons
0%
receiver recepter
0%
ranting récrimination
0%
quail reculer/trembler de peur
0%
sniggered ricané
0%
grate ronger
0%
scutled sabordé
0%
rattled secoué
0%
perk se redresser/relever
0%
supple souple
0%
prodded stimulé
0%
screeched strident
0%
dabbed tamponé
0%
heaps tas/amas
0%
crane tendre le cou pour voir quelque chose
0%
jerked tiré brusquement
0%
thundered toniturant
0%
tuft touffe
0%
hag vielle peau
0%
sherry vin (xérès)
0%
Aucun quiz correspondant
Distribution des résultats
% des personnes avec chaque résultat
Percentile par nombre de réponses
Votre historique - résultats
Vous n’avez pas pris ce quiz